000 01329nam a22002657a 4500
005 20180913165805.0
010 _aB-068345 पुस्तक मेला
020 _c300.00
_a8171380190
020 _c395.00 पुस्तक मेला
035 _aB-068345
037 _bCen Lib/Ret
037 _bसामयिक प्रकाशन
082 _a350.003
_bश्रीवास्त
100 _aश्रीवास्तव, गोपीनाथ
245 _aसामयिक प्रशासनिक कोश :
_cगोपीनाथ श्रीवास्तव
_bअंग्रेजी हिन्दी /
246 _aSamyik prashasnik kosh : angrezi hindi /
_bby Gopinath Shrivastav
260 _aनई दिल्ली
_bसामयिक प्रकाशन
_c2002
270 _a3320-21 जटवाड़ा, नेताजी सुभाष मार्ग, दरियागंज
_bनई दिल्ली
_e110002
300 _a382पृ.
_c21सेमी(सजिल्द)
650 _aहिन्दी अंग्रेजी -- कोश
650 _aअंग्रेजी कोश
650 _aHindi English - Thesaurus
650 _aEnglish dictionary
942 _2ddc
_cHN
_h350.003
_mश्रीवास्त
999 _c119692
_d119692